000
00276nam a2200109Ia 4500
005
20251222152622.0
008
251222s9999||||xx |||||||||||||| ||spa||
082
_a
303.6/Y93
100
_a
Yumbay, Arturo
245
0
_a
El Movimiento Indígena como Actor Político:
942
_c
LIB
999
_c
27375
_d
27375